000 00495nam a2200181Ia 4500
005 20250923150148.0
008 008 250917s9999 xx 000 0 eng d
037 _aTextual
040 _aDSWL
_beng
_cDSWL
041 _aeng
_2eng
084 _qDSWL
100 _aMassey, James
_9842916
245 0 _aMiniorities and religious freedom in a democracy
_cby James Massey
260 _aNew Delhi
_b Manohar India
_c2003
365 _aINR
942 _cTEXL
999 _c1460270
_d1460270